| 000 | 00706nam a22002057a 4500 | ||
|---|---|---|---|
| 003 | 0 | ||
| 005 | 20250814165720.0 | ||
| 008 | 250814b xxu||||| |||| 00| 0 eng d | ||
| 020 | _a979-8-89161-648-6 | ||
| 050 |
_aPE 101 _b.S56 2025 |
||
| 100 |
_aSimmons, Joshua, _eauthor. |
||
| 245 |
_aResearch methods in English language and literature / _cJoshua Simmons. |
||
| 260 |
_aJersey City, USA : _bAlexis Press, _c2025. |
||
| 300 |
_ax, 293 pages ; _c27 cm. |
||
| 504 | _aIncludes bibliographical references and index. | ||
| 650 |
_aEnglish language _xResearch _xMethodology. |
||
| 650 |
_aEnglish literature _xResearch _xMethodology. |
||
| 650 |
_aReport writing _xHandbooks, manuals, etc. |
||
| 942 |
_2lcc _cBK |
||
| 999 |
_c367516 _d367516 |
||